000
00321nam a2200145Ia 4500
999
_c
14317
_d
14317
003
OSt
005
20260326180315.0
008
260210s9999 xx 000 0 und d
020
_a
9781959851639
082
_a
690.218
100
_a
ICC
245
0
_a
International Residence Code 2024
260
_b
ICC
942
_c
UG
_2
ddc